| 000 | 00564 a2200181 4500 | ||
|---|---|---|---|
| 999 |
_c4495 _d4495 |
||
| 010 | _aENG-86356 | ||
| 020 |
_a1403929661 _c275.00 |
||
| 035 | _aEN-69889 | ||
| 037 | _bDBAD / PUB | ||
| 082 | 1 | 4 | _a338.88 |
| 100 | 1 | _aShajahan, S | |
| 245 | 1 |
_aIntenational business / _cby S Shajahan |
|
| 260 |
_aNew Delhi _bMacmillan India _c2006 |
||
| 270 |
_a2/10, Ansari Road, Daryagnaj _bNew Delhi _e110 002 |
||
| 300 |
_axv, 355 p. _c24cm. (Pbk.) |
||
| 500 | _aIncludes bibliographical references , glossary and index | ||
| 942 |
_adpl _cEN _2ddc _h338.88 _mSHA |
||